Statistics for Root Word Quiz 1

Click here to take the quiz!

General Stats

  • This quiz has been taken 22 times
  • The average score is 13 of 23

Answer Stats

Root wordType of root wordExampleDefinition% Correct
a or anGreekabyss - without bottom; achromatic - without color; anhydrous - without waternot, without
94%
antiGreekantibody - a substance that destroys micro-organisms; antiseptic - preventing infection; antisocial - opposing social normagainst, opposite of
83%
ambi or amphiLatinambidextrous - able to use both hands equally; ambiguous - having more than one meaning; ambivalence - conflicting or opposite feelings toward a person or thingboth, on both sides, around
83%
arborLatinarborist - someone working with trees; arbor - a shady area formed by trees; arborous - having many treestree
83%
a, ab, absLatinabduct - carry away by force; abnormal - away from normal, not normal; absent - away, not present; aversion - the act of turning away from; abbreviate: to shortenfrom, away, off
78%
aLatinafire - on fire; ashore - on the shore; aside - on the sideon
72%
ambulLatinamble - to walk in a slow, relaxed way; ambulant - walking or moving around; ambulance - a vehicle that moves a patientwalk, move
72%
aqu or aquaLatinaquarium - a water container for fish; aquatic- relating to water; aqueduct - a pipeline for waterwater
72%
aer or aeroGreekaerate - to let air reach something; aerial - relating to the air; aerospace - the air spaceair
67%
ami or amoLatinamiable - friendly, pleasant, lovable; amity - friendly and peaceful relations; amorous - showing romantic lovelove
67%
andr or androGreekandrogynous - being both male and female; android - resembling a human; misandry - hatred towards menman, male
67%
anthrop anthropoGreekanthropology - the study of mankind; anthropomorphism - giving human form to non-human things; philanthropy - the love to mankind (expressed through good deeds)human
61%
ann or ennLatinanniversary - a date observed once a year; annual - happening once a year; millennium - 1,000 yearsyear
61%
alg or algoLatinneuralgia - pain caused by a nerve; analgesic - a drug that makes one pain free; nostalgia - aching for the familiarpain
56%
actLatinactivity - something that a person does; react - to do something in response; interaction - communication between two or more thingsdo
50%
animLatinanimal - a living organism; animate - to make alive; equanimity - of balanced spiritlife, spirit
50%
acroGreekacrobat - a "high walker"; acronym - a word formed from the first (capital) letters of a word; acrophobia - fear of heighttop, height, tip, beginning
50%
agri or agroLatin and Greekagriculture - management of the land, agribusiness - making money by utilizing land; agrarian - relating to the management of landfarming
44%
ac or adLatinaccelerate - to increase the speed of; accessible - easily entered, approached, or obtained; admittance - allowing into;to, toward, near
39%
anaGreekanalysis - a close examination of something; anatomy - the structure of something as visible when cut up for analysis; anachronism - not being in the right place in timeup, back, against,
39%
anteLatinantecede - to come before something in time; antemeridian - before noon; anteroom- a small room before the main roombefore, in front
22%
anth or anthoGreekchrysanthemum and amaranth - names of flowers; anthology - a collection of treasured writings; anthozoan - half plant, half animal, like anemones and corals.flower
22%
apo or aphoGreekaphorism - a short expression of a general truth; apology - an explicit expression of regret, apostrophe - a small dash used in place of an omitted letteraway, off, separate
11%

Score Distribution

Percentile by Number Answered

Percent of People with Each Score

Your Score History

You have not taken this quiz